00879cam a2200265 i 4500001001000000003000900010005001700019007000300036008004100039040003000080041000800110082001900118100005100137245005400188264004200242300002800284336002700312337003300339338002800372650002900400650001900429942001400448952013600462999001500598000005941DO-SdBNP20260318095120.0ta820315s1941 ag 001 0 spa d aDO-SdBNPbspacBNPHUerda aspa 4a306bR161c2221 aRaitzin, Alejandro,d1892-eautor4aut.91674110aCultura, caracter, conducta /cAlejandro Raitzin. 1aBuenos Aires :bJoaquín Gil,c1941. a253 páginas ;c21 cm. atextobtxt2rdacontent asin mediaciónbn2rdamedia avolumenbnc2rdacarrier 7aCultura2LIBRUNAM989224 4aCaracter97510 2ddccLBS1 00102ddc51708PDaBNPHUbBNPHUcCTd2009-08-24l0oBNPHU PD 306 R161cp5941-10r2020-06-25w2020-06-25yLBS1ZPréstamo en sala c5737d5737